000 00530nam a2200193Ia 4500
003 GCL
008 140319s9999 xx 000 0 ara d
040 _aGCL /
_cGCL
082 0 4 _a813.03
_bن ر
100 1 _aنجيب الكيلانى
245 1 0 _aالربيع العاصف /
_cنجيب الكيلانى
700 1 _aمحمد حسن عبد الله (دراسة)
300 _a208 ص
490 _a
650 0 4 _aالادب العربى
650 0 4 _aالقصص العربية
650 0 4 _aالقصص
942 _2ddc
_cBK
999 _c38343
_d38343